| 000 | 00680nam a2200205Ia 4500 | ||
|---|---|---|---|
| 003 | IN-BaIIA | ||
| 008 | 211028s9999 xx 000 0 eng d | ||
| 020 | _a978-94-007-6874-1 | ||
| 040 | _cIIA Library | ||
| 080 |
_a[8]:01:00 _bHOS |
||
| 100 |
_aHoskin, Michael _912641 |
||
| 245 | 0 |
_aWilliam and Caroline Herschel _bpioneers in late 18th-century astronomy _cMichael Hoskin |
|
| 260 |
_aDordrecht _bSpringer _c2014 |
||
| 300 | _aviii, 112p. | ||
| 490 | _aSpringer briefs in astronomy | ||
| 650 |
_aAstronomers - Great Britain - biography _931773 |
||
| 650 |
_aHerschel, Caroline Lucretia, - 1750-1848 _936410 |
||
| 650 |
_aHerschel, William, - 1738-1822 _936411 |
||
| 942 | _cBK | ||
| 999 |
_c19066 _d19066 |
||